[Event "Bay Area International"]
[Site "?"]
[Date "2019.01.01"]
[Round "1"]
[White "Anderson, Michael"]
[Black "Shankar, Gauri"]
[Result "0-1"]
[WhiteElo "1751"]
[BlackElo "2359"]
[PlyCount "62"]
[EventDate "2019.??.??"]
[SourceVersionDate "2019.01.02"]

1. e4 c6 2. d4 d5 3. exd5 cxd5 4. Bd3 Nc6 5. c3 Qc7 6. Nf3 Bg4 7. Nbd2 e6 8.
Nf1 Bh5 9. Ng3 Bg6 10. O-O Bd6 11. Re1 Nf6 12. Bg5 O-O 13. Bxg6 hxg6 14. Qe2
Nd7 15. Rad1 Rab8 16. Nh4 Rfe8 17. Qg4 Nf8 18. Bc1 b5 19. Nf1 b4 20. Rd3 bxc3
21. bxc3 e5 22. Rh3 Qd7 23. Nxg6 fxg6 24. Qh4 e4 25. Ree3 Ne7 26. g4 Rb1 27.
Qh8+ Kf7 28. Ref3+ exf3 29. Rxf3+ Nf5 30. Bh6 Ne6 31. Qh7 Qb5 0-1

[Event "Bay Area International"]
[Site "?"]
[Date "2019.01.01"]
[Round "1"]
[White "Ampie, Mauro"]
[Black "Swiercz, Dariusz"]
[Result "0-1"]
[WhiteElo "2318"]
[BlackElo "2649"]
[PlyCount "72"]
[EventDate "2019.??.??"]
[SourceVersionDate "2019.01.02"]

1. e4 c6 2. Nc3 d5 3. Nf3 Bg4 4. h3 Bxf3 5. Qxf3 e6 6. Be2 g6 7. O-O Bg7 8. Rd1
d4 9. Nb1 Ne7 10. d3 c5 11. a4 Nbc6 12. Na3 O-O 13. Bf1 a6 14. Nc4 b5 15. axb5
axb5 16. Rxa8 Qxa8 17. Na3 Qb8 18. Bd2 Rc8 19. Ra1 Rc7 20. Qd1 Ra7 21. Be2 c4
22. Rb1 c3 23. Bc1 Rb7 24. Qf1 Be5 25. f4 Bd6 26. e5 Bc5 27. Bf3 Ra7 28. Bxc6
Nxc6 29. Qf3 Qb6 30. b4 Bxb4 31. Qxc6 Qxc6 32. Rxb4 Kg7 33. Kf2 Ra5 34. Rb3 Qc5
35. g4 b4 36. Nb1 Ra2 0-1

[Event "Bay Area International"]
[Site "?"]
[Date "2019.01.01"]
[Round "1"]
[White "Balakrishnan, Praveen"]
[Black "Wu, Rochelle"]
[Result "1-0"]
[WhiteElo "2418"]
[BlackElo "2154"]
[PlyCount "41"]
[EventDate "2019.??.??"]
[SourceVersionDate "2019.01.02"]

1. e4 c5 2. Nf3 d6 3. d4 cxd4 4. Nxd4 Nf6 5. Nc3 a6 6. Bg5 Nbd7 7. Qe2 Qc7 8.
O-O-O b5 9. f4 Bb7 10. Bxf6 gxf6 11. Nd5 Bxd5 12. exd5 Nb6 13. Qh5 Rc8 14. Bd3
Qc5 15. Bf5 Qxd5 16. Nb3 Qxg2 17. Bxc8 Nxc8 18. Rhe1 Qg6 19. Qd5 Qg4 20. Nc5
Bh6 21. Qc6+ 1-0

[Event "Bay Area International"]
[Site "?"]
[Date "2019.01.01"]
[Round "1"]
[White "Banik, Siddharth"]
[Black "Ali Marandi, Cemil Can"]
[Result "0-1"]
[WhiteElo "2276"]
[BlackElo "2530"]
[PlyCount "52"]
[EventDate "2019.??.??"]
[SourceVersionDate "2019.01.02"]

1. e4 e5 2. Nf3 Nc6 3. Bc4 Bc5 4. O-O Nf6 5. d3 a6 6. c3 Ba7 7. a4 d6 8. h3 h6
9. Re1 g5 10. Be3 Rg8 11. Nbd2 g4 12. hxg4 Nxg4 13. Bxa7 Rxa7 14. d4 Qf6 15.
Bf1 h5 16. dxe5 Ncxe5 17. Qe2 Qf4 18. g3 Nxf2 19. Kxf2 Rxg3 20. Bg2 h4 21. Rf1
Ng4+ 22. Ke1 Ne3 23. Rf2 Bg4 24. Bh1 Rh3 25. Rh2 Nc2+ 26. Kf1 Bxf3 0-1

[Event "Bay Area International"]
[Site "?"]
[Date "2019.01.01"]
[Round "1"]
[White "Betaneli, Alex"]
[Black "Macieja, Bartlomiej"]
[Result "0-1"]
[WhiteElo "2254"]
[BlackElo "2509"]
[PlyCount "92"]
[EventDate "2019.??.??"]
[SourceVersionDate "2019.01.02"]

1. c4 Nf6 2. g3 c6 3. Bg2 d5 4. Nf3 Bf5 5. O-O e6 6. cxd5 exd5 7. d3 Be7 8. Qb3
Qb6 9. Qc2 O-O 10. Nc3 h6 11. e4 dxe4 12. dxe4 Bh7 13. Be3 Qa6 14. h3 Re8 15.
Qb3 Bf8 16. Rfe1 Nxe4 17. Bf1 b5 18. a4 Nd7 19. axb5 Qb7 20. Nxe4 Bxe4 21. Nd2
Bd5 22. bxc6 Qxc6 23. Qa4 Qxa4 24. Rxa4 Bc5 25. Bb5 Bxe3 26. fxe3 Re7 27. e4
Be6 28. Bc6 Rc8 29. Bxd7 Rxd7 30. Nf3 Bxh3 31. Kf2 Rb7 32. Re2 Rc1 33. Nd4 Rf1+
34. Ke3 Rg1 35. Kf3 Rb6 36. Rh2 Rf6+ 37. Nf5 Bxf5 38. exf5 Rxf5+ 39. Ke4 Rb5
40. Rxa7 Rxg3 41. Ra3 Rb4+ 42. Kd5 Rg5+ 43. Kc6 Rgb5 44. Ra8+ Kh7 45. Rf2 f5
46. Ra2 g5 0-1

[Event "Bay Area International"]
[Site "?"]
[Date "2019.01.01"]
[Round "1"]
[White "Brown, Michael"]
[Black "O'Connor, Derek"]
[Result "1/2-1/2"]
[WhiteElo "2524"]
[BlackElo "2275"]
[PlyCount "61"]
[EventDate "2019.??.??"]
[SourceVersionDate "2019.01.02"]

1. d4 Nf6 2. c4 g6 3. Nc3 Bg7 4. e4 d6 5. Be2 O-O 6. Bg5 Na6 7. Qd2 Qe8 8. Nf3
e5 9. O-O exd4 10. Nxd4 Nxe4 11. Nxe4 Qxe4 12. Nb5 Qe5 13. b3 Bd7 14. Rac1 Rfe8
15. Rfe1 Bc6 16. Bf3 Qb2 17. Bxc6 Rxe1+ 18. Rxe1 bxc6 19. Nxa7 h6 20. Qxb2 Bxb2
21. Be3 Nb4 22. Re2 Ba3 23. Kf1 f5 24. g3 Kf7 25. h4 g5 26. hxg5 hxg5 27. f4 g4
28. Rh2 Kg6 29. Re2 Kf7 30. Rh2 Kg6 31. Re2 1/2-1/2

[Event "Bay Area International"]
[Site "?"]
[Date "2019.01.01"]
[Round "1"]
[White "Chambers, Ezra"]
[Black "Kumar, Naman"]
[Result "1/2-1/2"]
[WhiteElo "2360"]
[BlackElo "1868"]
[PlyCount "84"]
[EventDate "2019.??.??"]
[SourceVersionDate "2019.01.02"]

1. e4 c5 2. Nf3 d6 3. d4 cxd4 4. Nxd4 Nf6 5. Nc3 a6 6. h3 e5 7. Nde2 Be7 8. g4
Be6 9. Bg2 Nc6 10. O-O O-O 11. Be3 Rc8 12. Qd2 b5 13. a4 Rb8 14. axb5 axb5 15.
Nd5 b4 16. Ra4 Nd7 17. b3 Nc5 18. Ra2 Rb7 19. Ng3 Bxd5 20. Qxd5 Qc7 21. Nf5 g6
22. Nxe7+ Nxe7 23. Qd2 Nc6 24. Rd1 Ne6 25. Kh1 Ncd4 26. Rda1 Rc8 27. f4 Qc3 28.
f5 Nxc2 29. Qxc3 Rxc3 30. Bh6 Rb8 31. Rxc2 Rxc2 32. fxe6 fxe6 33. Bf1 d5 34.
Rd1 Rc5 35. Be3 Ra5 36. Kg2 Rc8 37. Bd2 Rc2 38. Kg1 Ra3 39. Bxb4 Rxb3 40. Bd6
Rg3+ 41. Kh1 Re3 42. Bxe5 Rxe4 1/2-1/2

[Event "Bay Area International"]
[Site "?"]
[Date "2019.01.01"]
[Round "1"]
[White "Cline, John"]
[Black "Ringoir, Tanguy"]
[Result "0-1"]
[WhiteElo "2272"]
[BlackElo "2516"]
[PlyCount "84"]
[EventDate "2019.??.??"]
[SourceVersionDate "2019.01.02"]

1. e4 e5 2. Nf3 Nc6 3. Bb5 a6 4. Ba4 Nf6 5. O-O Be7 6. Re1 b5 7. Bb3 O-O 8. a4
b4 9. d3 d6 10. a5 Be6 11. Nbd2 h6 12. Nc4 Rb8 13. h3 Qc8 14. Ba4 Qb7 15. Bxc6
Qxc6 16. Qe2 Nd7 17. b3 f5 18. exf5 Bxf5 19. d4 Bxh3 20. dxe5 dxe5 21. Qe4 Qxe4
22. Rxe4 Bf5 23. Re2 Bg4 24. Bb2 Bd6 25. Rd2 Bxf3 26. gxf3 Rbc8 27. Kg2 Rf5 28.
Ra4 Rf4 29. Ba1 Rcf8 30. Nxd6 cxd6 31. Rxd6 R8f7 32. Rxa6 Rxf3 33. Rc6 Rxf2+
34. Kg1 Rf1+ 35. Kg2 R7f2+ 36. Kg3 Nf6 37. Rxf6 Rxf6 38. Bxe5 Rg6+ 39. Kh3 Rf5
40. Bg3 Rf3 41. a6 Rfxg3+ 42. Kh2 R3g5 0-1

[Event "Bay Area International"]
[Site "?"]
[Date "2019.01.01"]
[Round "1"]
[White "Colas, Joshua"]
[Black "Prohaszka, Peter"]
[Result "0-1"]
[WhiteElo "2309"]
[BlackElo "2613"]
[PlyCount "52"]
[EventDate "2019.??.??"]
[SourceVersionDate "2019.01.02"]

1. c4 c6 2. Nf3 d5 3. e3 Nf6 4. b3 Bf5 5. Bb2 e6 6. Be2 Bd6 7. O-O h6 8. d4
Nbd7 9. Ne5 O-O 10. Nxd7 Qxd7 11. Nc3 Rfe8 12. Bd3 Rad8 13. Rc1 Bb8 14. Re1
dxc4 15. Bxc4 e5 16. dxe5 Qc7 17. Qf3 Qxe5 18. g3 Rd2 19. Ba1 Bg4 20. Qg2 Qh5
21. Bf1 Red8 22. a3 a5 23. Nb1 Ra2 24. Bxf6 gxf6 25. Nc3 Bf3 26. Nxa2 Rd2 0-1

[Event "Bay Area International"]
[Site "?"]
[Date "2019.01.01"]
[Round "1"]
[White "Costello, Alex"]
[Black "Wang, Kevin"]
[Result "0-1"]
[WhiteElo "2231"]
[BlackElo "2450"]
[PlyCount "132"]
[EventDate "2019.??.??"]
[SourceVersionDate "2019.01.02"]

1. e4 d6 2. d4 Nf6 3. Nc3 g6 4. f4 Bg7 5. Nf3 O-O 6. Bd3 Nc6 7. e5 dxe5 8. fxe5
Nh5 9. Be3 Bg4 10. Be4 f6 11. exf6 Nxf6 12. Bxc6 bxc6 13. Qe2 Bxf3 14. gxf3 Nd5
15. Rd1 Rb8 16. O-O Rxb2 17. Bc1 Nxc3 18. Qe6+ Kh8 19. Bxb2 Nxd1 20. Rxd1 Qd6
21. Qb3 Qd5 22. Qxd5 cxd5 23. Kf2 c5 24. Ke3 Rb8 25. Ba1 c4 26. Bc3 Kg8 27. Kf4
Kf7 28. Re1 e6 29. a4 Bf8 30. h3 Kf6 31. Ke3 Bd6 32. Kf2 Rb6 33. Kg2 Bb4 34. a5
Rb8 35. Rb1 Bd6 36. Re1 a6 37. Kf2 Rb5 38. Ke3 Bc7 39. Ra1 Kf5 40. Kf2 e5 41.
Re1 exd4 42. Bxd4 Bd6 43. Re8 Rxa5 44. Rd8 Ke6 45. Re8+ Be7 46. Bb6 Rb5 47. Bd8
Rb7 48. Bxe7 Rxe7 49. Ra8 Ke5 50. Rxa6 Kd4 51. Ra3 Re6 52. h4 h5 53. Ra5 Kc3
54. Rxd5 Kxc2 55. Kg3 c3 56. Kf4 Rc6 57. Kg5 Kb3 58. Rb5+ Ka4 59. Rb1 c2 60.
Rg1 Rd6 61. Rc1 Kb3 62. f4 Kb2 63. Rg1 c1=Q 64. Rxc1 Kxc1 65. f5 gxf5 66. Kxh5
Rd4 0-1

[Event "Bay Area International"]
[Site "?"]
[Date "2019.01.01"]
[Round "1"]
[White "Dragun, Kamil"]
[Black "Jacobson, Aaron"]
[Result "1-0"]
[WhiteElo "2578"]
[BlackElo "2286"]
[PlyCount "107"]
[EventDate "2019.??.??"]
[SourceVersionDate "2019.01.02"]

1. e4 e6 2. d4 d5 3. Nd2 c5 4. exd5 exd5 5. Ngf3 Nc6 6. Bb5 Qe7+ 7. Be2 Qc7 8.
O-O Nf6 9. Re1 cxd4 10. Nb3 Bb4 11. Bd2 Bxd2 12. Qxd2 O-O 13. Bd3 h6 14. Nbxd4
Bd7 15. Nxc6 Bxc6 16. Nd4 Bd7 17. f3 Rfe8 18. c3 a6 19. g4 Rxe1+ 20. Rxe1 Kf8
21. g5 hxg5 22. Qxg5 Qb6 23. Re2 Re8 24. Rg2 g6 25. Qh6+ Ke7 26. Qg7 Kd8 27.
Qxf7 Re1+ 28. Kf2 Re7 29. Qxg6 Qxb2+ 30. Be2 Ne8 31. Qc2 Qb6 32. Qd2 Qc5 33.
Bd3 Nd6 34. h4 Be8 35. Rg5 Nf7 36. Rg8 Qd6 37. Kg2 Qf6 38. Nf5 Re5 39. Qf4 Nd6
40. Qg5 Qxg5+ 41. Rxg5 Nxf5 42. Rxf5 Rxf5 43. Bxf5 b5 44. Kf2 d4 45. cxd4 Bf7
46. a3 a5 47. Ke3 Ke7 48. Be4 Kd6 49. f4 Be8 50. Bf3 Bf7 51. h5 b4 52. axb4
axb4 53. h6 Bg6 54. Be4 1-0

[Event "Bay Area International"]
[Site "?"]
[Date "2019.01.01"]
[Round "1"]
[White "Gabuzyan, Hovhannes"]
[Black "Stearman, Josiah"]
[Result "1/2-1/2"]
[WhiteElo "2605"]
[BlackElo "2298"]
[PlyCount "96"]
[EventDate "2019.??.??"]
[SourceVersionDate "2019.01.02"]

1. Nf3 d5 2. g3 Nf6 3. Bg2 e6 4. O-O Be7 5. d3 O-O 6. Nbd2 a5 7. e4 c5 8. a4
Nc6 9. Re1 b6 10. b3 Qc7 11. Bb2 Bb7 12. exd5 exd5 13. Nh4 d4 14. Nf5 Rfe8 15.
Bc1 Bf8 16. Ne4 Nxe4 17. Bxe4 g6 18. Bf4 Qd7 19. Nh6+ Bxh6 20. Bxh6 f5 21. Bg2
Rxe1+ 22. Qxe1 Re8 23. Qf1 Nb4 24. Bxb7 Qxb7 25. Re1 Qc6 26. Rxe8+ Qxe8 27. Qd1
Nd5 28. Qf3 Qe6 29. h3 Qe5 30. Kf1 Kf7 31. h4 Ke6 32. h5 Kd6 33. Bd2 Kc6 34.
Qh1 Qe8 35. hxg6 Qxg6 36. Qh4 Nf6 37. Qf4 Qh5 38. Kg1 Nd5 39. Qe5 Qd1+ 40. Kg2
Qxd2 41. Qe6+ Kc7 42. Qxd5 Qxc2 43. Qf7+ Kc6 44. Qf6+ Kb7 45. Qf7+ Kc6 46. Qe6+
Kc7 47. Qe5+ Kc6 48. Qf6+ Kb7 1/2-1/2

[Event "Bay Area International"]
[Site "?"]
[Date "2019.01.01"]
[Round "1"]
[White "Gaffagan, Steven"]
[Black "Ynojosa, Felix"]
[Result "0-1"]
[WhiteElo "1996"]
[BlackElo "2368"]
[PlyCount "88"]
[EventDate "2019.??.??"]
[SourceVersionDate "2019.01.02"]

1. e4 c5 2. Nf3 Nc6 3. Bb5 e6 4. Bxc6 bxc6 5. d3 Ne7 6. Nbd2 Ng6 7. h4 h5 8. e5
f6 9. Nc4 Ba6 10. Qe2 Qc7 11. Qe4 Kf7 12. Bf4 Be7 13. Bg3 Bxc4 14. dxc4 Qa5+
15. c3 f5 16. Qe2 Rab8 17. O-O Rb7 18. a3 Qd8 19. Qd2 Nxh4 20. Bxh4 Bxh4 21. b4
Be7 22. Rab1 cxb4 23. cxb4 a5 24. c5 axb4 25. axb4 Qc7 26. Rfe1 Rhb8 27. Qc3
Qd8 28. Nd4 Qf8 29. Rec1 Qh8 30. Qc4 Qh7 31. Rb3 h4 32. Rcb1 Qg6 33. Rf3 Ke8
34. Rfb3 Qg4 35. Qc3 Qf4 36. b5 Qxe5 37. bxc6 Rxb3 38. cxd7+ Kxd7 39. Rxb3 Rxb3
40. c6+ Kc8 41. Qxb3 Qe1+ 42. Kh2 Bd6+ 43. g3 Qxf2+ 44. Kh1 Qf1+ 0-1

[Event "Bay Area International"]
[Site "?"]
[Date "2019.01.01"]
[Round "1"]
[White "Grabinsky, Aaron"]
[Black "Bruzon, Lazaro"]
[Result "0-1"]
[WhiteElo "2350"]
[BlackElo "2664"]
[PlyCount "70"]
[EventDate "2019.??.??"]
[SourceVersionDate "2019.01.02"]

1. e4 c5 2. Nf3 d6 3. d4 cxd4 4. Nxd4 Nf6 5. f3 e5 6. Nb3 d5 7. Bg5 Be6 8. Bxf6
gxf6 9. exd5 Qxd5 10. Qxd5 Bxd5 11. Nc3 Be6 12. O-O-O Nc6 13. Nb5 Rc8 14. Kb1
h5 15. c3 h4 16. Nd6+ Bxd6 17. Rxd6 Ke7 18. Rd2 Rcd8 19. Kc1 f5 20. Bb5 Rxd2
21. Kxd2 Rg8 22. Rg1 f4 23. Ke2 h3 24. g3 fxg3 25. hxg3 Rxg3 26. Kf2 h2 27. Rh1
Rxf3+ 28. Kxf3 Bd5+ 29. Kg3 Bxh1 30. Kxh2 Bd5 31. c4 Be6 32. Nc5 Nd4 33. Nxb7
Nxb5 34. cxb5 Bxa2 35. Na5 Bd5 0-1

[Event "Bay Area International"]
[Site "?"]
[Date "2019.01.01"]
[Round "1"]
[White "Harazinska, Ewa"]
[Black "Boros, Denes"]
[Result "0-1"]
[WhiteElo "2222"]
[BlackElo "2442"]
[PlyCount "56"]
[EventDate "2019.??.??"]
[SourceVersionDate "2019.01.02"]

1. d4 e6 2. c4 f5 3. Nc3 Nf6 4. g3 c6 5. Bg2 d5 6. cxd5 exd5 7. Nf3 Bd6 8. O-O
Qe7 9. a3 a5 10. Bf4 Nbd7 11. Qc2 Bxf4 12. gxf4 O-O 13. Rab1 Ne4 14. e3 Nd6 15.
Ne5 Kh8 16. b3 g5 17. Ne2 Nb5 18. Ra1 gxf4 19. Nxd7 Bxd7 20. a4 f3 21. Bxf3 Nc7
22. Kh1 Ne6 23. Rg1 Qh4 24. Rg3 f4 25. exf4 Nxf4 26. Rag1 Nh5 27. Bxh5 Qxh5 28.
f4 Bf5 0-1

[Event "Bay Area International"]
[Site "?"]
[Date "2019.01.01"]
[Round "1"]
[White "Hilby, Craig"]
[Black "Ghazarian, Kirk"]
[Result "1-0"]
[WhiteElo "2445"]
[BlackElo "2226"]
[PlyCount "59"]
[EventDate "2019.??.??"]
[SourceVersionDate "2019.01.02"]

1. d4 d5 2. c4 c6 3. Nf3 Nf6 4. Nc3 e6 5. Qd3 dxc4 6. Qxc4 b5 7. Qd3 Be7 8. e4
b4 9. Na4 Qa5 10. b3 Ba6 11. Qc2 Bxf1 12. Kxf1 Qb5+ 13. Kg1 Nbd7 14. Be3 Rc8
15. h3 O-O 16. Rc1 h6 17. g3 Nb6 18. Ne5 Rc7 19. Nc5 Rd8 20. Kg2 Bd6 21. Ned3
Be7 22. Nxb4 Bxc5 23. Qxc5 Qxc5 24. dxc5 Nbd7 25. f3 a5 26. Nd3 Nb8 27. Ne5 Na6
28. Rhd1 Rdc8 29. Nc4 a4 30. Nb6 1-0

[Event "Bay Area International"]
[Site "?"]
[Date "2019.01.01"]
[Round "1"]
[White "Jacobson, Brandon"]
[Black "Arne, Mike"]
[Result "1-0"]
[WhiteElo "2404"]
[BlackElo "2124"]
[PlyCount "63"]
[EventDate "2019.??.??"]
[SourceVersionDate "2019.01.02"]

1. e4 c5 2. Nf3 Nc6 3. d4 cxd4 4. Nxd4 g6 5. c4 Bg7 6. Be3 Nf6 7. Nc3 d6 8. Be2
O-O 9. O-O Bd7 10. h3 Nxd4 11. Bxd4 Bc6 12. Qc2 a5 13. Rad1 Nd7 14. Bxg7 Kxg7
15. Bg4 Ne5 16. c5 f5 17. exf5 Nxg4 18. hxg4 gxf5 19. gxf5 Qd7 20. Nd5 Qxf5 21.
Qc4 Rf7 22. Qc3+ Kg8 23. Rd3 Rg7 24. Nxe7+ Rxe7 25. Rg3+ Kf7 26. Qg7+ Ke8 27.
Qh8+ Kd7 28. Qxa8 Qxc5 29. Rg8 Bd5 30. Qd8+ Kc6 31. Qxe7 Bxg8 32. Qe8+ 1-0

[Event "Bay Area International"]
[Site "?"]
[Date "2019.01.01"]
[Round "1"]
[White "Javakhadze, Zurabi"]
[Black "Eswaran, Ashritha"]
[Result "1-0"]
[WhiteElo "2449"]
[BlackElo "2227"]
[PlyCount "67"]
[EventDate "2019.??.??"]
[SourceVersionDate "2019.01.02"]

1. Nf3 d5 2. g3 Nf6 3. Bg2 g6 4. O-O Bg7 5. d3 O-O 6. Nc3 c5 7. Bd2 Nc6 8. a3
b6 9. Rb1 Bb7 10. b4 cxb4 11. axb4 e6 12. b5 Ne7 13. e4 dxe4 14. Ng5 Qc7 15.
Ncxe4 Ned5 16. c4 Nxe4 17. Nxe4 Nf6 18. Bf4 Qd7 19. c5 Bxe4 20. dxe4 bxc5 21.
Qxd7 Nxd7 22. Bd6 Rfd8 23. e5 Nxe5 24. Bxc5 Rac8 25. Bxa7 Nc4 26. b6 Bd4 27.
Rb4 Bc3 28. Ra4 Nb2 29. Ra2 Rc4 30. b7 Rb4 31. Rc1 Nd1 32. Bc5 Rb5 33. Ra8 Bf6
34. Rxd1 1-0

[Event "Bay Area International"]
[Site "?"]
[Date "2019.01.01"]
[Round "1"]
[White "Jirasek, Ladia"]
[Black "Li, Eric"]
[Result "1/2-1/2"]
[WhiteElo "2376"]
[BlackElo "2007"]
[PlyCount "151"]
[EventDate "2019.??.??"]
[SourceVersionDate "2019.01.02"]

1. e4 e5 2. Nf3 Nc6 3. Bc4 Bc5 4. O-O Nf6 5. d4 exd4 6. e5 d5 7. exf6 dxc4 8.
fxg7 Rg8 9. Re1+ Be7 10. Bg5 Bg4 11. Nbd2 Rxg7 12. Bxe7 Nxe7 13. Qe2 Kf8 14.
Qxc4 Nc6 15. Re4 Be6 16. Qc5+ Qd6 17. Qxd6+ cxd6 18. Nb3 Bd5 19. Rf4 Ke7 20. g3
Bxf3 21. Rxf3 Rg6 22. Rf4 Rc8 23. Rc1 Re6 24. Kf1 Ne5 25. Nxd4 Nd3 26. Nxe6
fxe6 27. cxd3 Rxc1+ 28. Kg2 Rc2 29. Rb4 b6 30. Rh4 a5 31. Rxh7+ Kf6 32. b3 Rxa2
33. Rb7 Rd2 34. Rxb6 Rxd3 35. Rb5 d5 36. Rxa5 Rxb3 37. h4 d4 38. g4 d3 39. Kf3
Rb4 40. Ra2 Ke5 41. h5 Kf6 42. Ra5 Rd4 43. g5+ Kg7 44. Ra7+ Kg8 45. Ra1 d2 46.
Ke2 e5 47. h6 Rd6 48. Rg1 Kh7 49. Kd1 Kg6 50. Rg2 Rd3 51. Rh2 Rd8 52. h7 Rh8
53. Kxd2 Kxg5 54. Ke3 Kf5 55. Rh1 e4 56. Rh2 Kg6 57. Kxe4 Kg7 58. Kf5 Rf8+ 59.
Kg5 Kh8 60. f4 Rf7 61. f5 Rf8 62. Ra2 Rf7 63. Rh2 Ra7 64. Rh1 Ra6 65. Rh4 Rb6
66. Rh3 Ra6 67. Rh2 Rb6 68. Rh5 Ra6 69. Kf4 Ra4+ 70. Ke5 Ra5+ 71. Kd6 Ra6+ 72.
Kc5 Ra5+ 73. Kb6 Re5 74. Kc7 Ra5 75. Kd6 Ra6+ 76. Ke5 1/2-1/2

[Event "Bay Area International"]
[Site "?"]
[Date "2019.01.01"]
[Round "1"]
[White "Kavutskiy, Konstantin"]
[Black "Talyansky, Seth"]
[Result "1-0"]
[WhiteElo "2424"]
[BlackElo "2201"]
[PlyCount "69"]
[EventDate "2019.??.??"]
[SourceVersionDate "2019.01.02"]

1. d4 d5 2. c4 c6 3. Nf3 Nf6 4. e3 e6 5. Bd3 Nbd7 6. b3 Bb4+ 7. Bd2 Bd6 8. Nc3
O-O 9. O-O Re8 10. Qc2 Qe7 11. e4 dxc4 12. Bxc4 b5 13. Bd3 e5 14. Ne2 c5 15.
dxc5 Nxc5 16. Bxb5 Rf8 17. Ng3 Qb7 18. Bd3 Bg4 19. Bg5 Nh5 20. Nxh5 Bxh5 21.
Nd2 Rac8 22. Bc4 Ne6 23. Be3 Bb4 24. Qb2 Bxd2 25. Qxd2 Qxe4 26. Rfe1 Qg6 27.
Kh1 Rcd8 28. Qa5 Nd4 29. Bxd4 exd4 30. Re5 Bg4 31. Rg5 Qf6 32. Rxg4 d3 33. Rd1
d2 34. Re4 Qxf2 35. Re2 1-0

[Event "Bay Area International"]
[Site "?"]
[Date "2019.01.01"]
[Round "1"]
[White "Ke, Ivan"]
[Black "Hevia, Carlos"]
[Result "1-0"]
[WhiteElo "2251"]
[BlackElo "2476"]
[PlyCount "73"]
[EventDate "2019.??.??"]
[SourceVersionDate "2019.01.02"]

1. c4 g6 2. Nf3 Bg7 3. d4 c5 4. d5 d6 5. Nc3 e5 6. e4 Bg4 7. h3 Bxf3 8. Qxf3 h5
9. b3 h4 10. Bd3 Nd7 11. O-O a6 12. Rb1 Ngf6 13. Bc2 Bh6 14. Bxh6 Rxh6 15. b4
Kf8 16. bxc5 Nxc5 17. Qe3 Kg7 18. Na4 Nfd7 19. f4 exf4 20. Rxf4 Qe7 21. Nxc5
Nxc5 22. e5 dxe5 23. d6 Qe6 24. Rxf7+ Qxf7 25. Qxe5+ Kg8 26. Qxc5 Rf8 27. Be4
Qf6 28. Bxb7 Rh5 29. Bd5+ Kh8 30. d7 Rf5 31. Qe3 Qg7 32. Rb7 Re5 33. Qd2 Re7
34. Qg5 Rd8 35. Qxh4+ Qh7 36. Qg5 Rexd7 37. Bc6 1-0

[Event "Bay Area International"]
[Site "?"]
[Date "2019.01.01"]
[Round "1"]
[White "Kondakov, Adrian"]
[Black "Hong, Andrew"]
[Result "0-1"]
[WhiteElo "2018"]
[BlackElo "2390"]
[PlyCount "104"]
[EventDate "2019.??.??"]
[SourceVersionDate "2019.01.02"]

1. e4 c5 2. Nf3 d6 3. d4 cxd4 4. Nxd4 Nf6 5. Nc3 a6 6. h3 e5 7. Nde2 h5 8. g3
b5 9. Nd5 Nbd7 10. Nec3 Bb7 11. Bg2 Be7 12. O-O Rc8 13. Be3 h4 14. g4 Nxd5 15.
Nxd5 Bxd5 16. exd5 Bg5 17. Qd2 Bxe3 18. fxe3 Nb6 19. b3 O-O 20. Be4 g6 21. Rf2
Kg7 22. Raf1 Nd7 23. Qe2 Rc3 24. Bd3 Rc7 25. Qf3 Qe7 26. Qg2 Qg5 27. Re2 Rd8
28. Kh1 Nf8 29. Qe4 Nh7 30. Ref2 Rdd7 31. c4 bxc4 32. Bxc4 a5 33. Bb5 Re7 34.
Bc6 Rc8 35. a3 Ra7 36. b4 axb4 37. axb4 Rf8 38. b5 Ra3 39. Re1 Nf6 40. Qf3 Rb3
41. Ref1 Nh7 42. Re1 Qd8 43. Qd1 Rb4 44. Qd2 Qa5 45. e4 Qa3 46. Re3 Rb1+ 47.
Kg2 Qa1 48. Rd3 f6 49. Qc3 Rg1+ 50. Kh2 Rh1+ 51. Kg2 Qg1+ 52. Kf3 Ng5+ 0-1

[Event "Bay Area International"]
[Site "?"]
[Date "2019.01.01"]
[Round "1"]
[White "Korley, Kassa"]
[Black "Mont-Reynaud, Jordy"]
[Result "1/2-1/2"]
[WhiteElo "2450"]
[BlackElo "2241"]
[PlyCount "155"]
[EventDate "2019.??.??"]
[SourceVersionDate "2019.01.02"]

1. d4 Nf6 2. Nf3 g6 3. c4 Bg7 4. Nc3 d5 5. Bg5 dxc4 6. e4 O-O 7. Bxc4 c6 8. Be2
b5 9. Qc2 h6 10. Bd2 Bg4 11. Be3 Ne8 12. O-O Nd6 13. Ne5 Bd7 14. Rac1 Be8 15.
Nb1 f6 16. Nf3 f5 17. e5 f4 18. Bd2 Nf5 19. Bd3 Nxd4 20. Nxd4 Qxd4 21. Bc3 Qd5
22. Bxg6 Qxa2 23. Bxe8 Rxe8 24. Qe4 Rf8 25. e6 Qd5 26. Qxd5 cxd5 27. Bxg7 Kxg7
28. Nc3 Rf5 29. Nxb5 Na6 30. Rfe1 Kf6 31. g4 Re5 32. Rxe5 Kxe5 33. Re1+ Kf6 34.
Ra1 Nb4 35. Kg2 Rb8 36. Nd4 Nd3 37. Ra3 Ne5 38. Rh3 Nxg4 39. Rh5 Rxb2 40. Rf5+
Kg6 41. Rxf4 Nf6 42. Nc6 Kg5 43. Rf3 Rb7 44. Rg3+ Kf5 45. Rf3+ Kg6 46. Rg3+ Kh7
47. Nd4 Nh5 48. Rf3 Ng7 49. Kg3 a5 50. Kf4 Nh5+ 51. Ke5 Nf6 52. Nc6 Ng8 53.
Kxd5 Kg7 54. Rf7+ Kg6 55. Ne5+ Kh5 56. Nd7 Rb5+ 57. Kc6 Rg5 58. f4 Rg2 59. Kb5
Re2 60. f5 Kg4 61. h3+ Kf4 62. Kxa5 Nf6 63. Nxf6 Ra2+ 64. Kb6 Kxf5 65. Ne4+
Kxe6 66. Rf3 h5 67. Nf2 Ke5 68. Kb5 Rc2 69. Kb4 Rc6 70. Re3+ Kf4 71. Rxe7 Kg3
72. Nd3 Kxh3 73. Rg7 h4 74. Nc5 Rf6 75. Kc4 Rf4+ 76. Kd3 Rg4 77. Rxg4 Kxg4 78.
Ke2 1/2-1/2

[Event "Bay Area International"]
[Site "?"]
[Date "2019.01.01"]
[Round "1"]
[White "Kretchetov, Alexandre"]
[Black "Harmon-Vellotti, Luke"]
[Result "1/2-1/2"]
[WhiteElo "2241"]
[BlackElo "2455"]
[PlyCount "65"]
[EventDate "2019.??.??"]
[SourceVersionDate "2019.01.02"]

1. Nf3 Nf6 2. c4 e6 3. Nc3 b6 4. e4 Bb7 5. Bd3 d6 6. Bc2 c5 7. d4 cxd4 8. Nxd4
Be7 9. O-O O-O 10. b3 Nc6 11. Ba3 Qd7 12. Nxc6 Qxc6 13. Qd3 Rfd8 14. Rad1 a6
15. Bb2 Qc7 16. Rfe1 g6 17. Qe2 Rac8 18. Bb1 Ne8 19. Rd3 Bf6 20. Red1 Bc6 21.
Rh3 Bg7 22. a4 Qb7 23. Rg3 Rb8 24. b4 Qc8 25. Bc2 Ba8 26. Bb3 Qc7 27. Rgd3 Rbc8
28. Qd2 Bf6 29. f3 Qb8 30. Qf2 Rc7 31. Qd2 Rcc8 32. Qf2 Rc7 33. Qd2 1/2-1/2

[Event "Bay Area International"]
[Site "?"]
[Date "2019.01.01"]
[Round "1"]
[White "Lee, Andy"]
[Black "Escalante Ramirez, Brian"]
[Result "0-1"]
[WhiteElo "2226"]
[BlackElo "2446"]
[PlyCount "68"]
[EventDate "2019.??.??"]
[SourceVersionDate "2019.01.02"]

1. e4 c5 2. Nf3 d6 3. Bb5+ Bd7 4. Bxd7+ Qxd7 5. c4 Nf6 6. Nc3 Nc6 7. d4 cxd4 8.
Nxd4 g6 9. f3 Bg7 10. Be3 O-O 11. O-O a6 12. a4 e6 13. Rf2 Ne5 14. b3 d5 15.
Rd2 dxe4 16. Nf5 Qc7 17. Nxg7 exf3 18. gxf3 Kxg7 19. Bd4 Nc6 20. Bf2 Rad8 21.
Raa2 Qf4 22. Kg2 Qg5+ 23. Kh1 Qf5 24. Bb6 Rxd2 25. Rxd2 g5 26. Be3 h6 27. Kg2
Ne5 28. Rd4 Ng6 29. Bf2 Nf4+ 30. Kh1 Qh3 31. Rxf4 gxf4 32. Bd4 Qf5 33. Qe2 Rd8
34. Qe5 Kg6 0-1

[Event "Bay Area International"]
[Site "?"]
[Date "2019.01.01"]
[Round "1"]
[White "Liou, Yian"]
[Black "Jones, Craig"]
[Result "1/2-1/2"]
[WhiteElo "2412"]
[BlackElo "2138"]
[PlyCount "53"]
[EventDate "2019.??.??"]
[SourceVersionDate "2019.01.02"]

1. e4 d5 2. exd5 Qxd5 3. Nc3 Qa5 4. d4 Nf6 5. Bc4 c6 6. Bd2 Bf5 7. Nd5 Qd8 8.
Nxf6+ exf6 9. c3 Bd6 10. Nf3 O-O 11. O-O Qd7 12. Re1 Na6 13. Nh4 Bg4 14. Be2
Bxe2 15. Qxe2 Rfe8 16. Qf3 Re6 17. Nf5 Rae8 18. b3 Bf8 19. h3 Nc7 20. Rad1 Qd5
21. Nh6+ gxh6 22. Qg3+ Kh8 23. Qxc7 Bd6 24. c4 Rxe1+ 25. Rxe1 Rxe1+ 26. Bxe1
Bxc7 27. cxd5 1/2-1/2